000 00788nam a22002057a 4500
003 OSt
005 20241008120338.0
008 241008b |||||||| |||| 00| 0 eng d
020 _a9781442419957
037 _bDonación
040 _aCO-JMCR
_cCO-JMCR
_dCO-JMCR
_beng
_erda
041 0 _aeng
082 0 4 _aA-N
_223
_bSUZf
100 1 _aSuzuma, Tabitha,
_d1975-
_943873
245 1 0 _aForbidden /
_cTabitha Suzuma.
260 _aNew York :
_bSimon Pulse,
_c2011.
300 _a454 páginas ;
_c22 cm.
520 _aSixteen-year-old Maya and seventeen-year-old Lochan tell, in their separate voices, of their confusion and longing as they fall in love with one another after years of functioning as parents to three younger siblings due to their alcoholic mother's neglect.
942 _2ddc
_cBK
999 _c30844
_d17228